书目信息 |
| 书名: | Making health reform work | |
| 作者: | John J. DiIulio, Jr., Richard R. Nathan, editors. | |
| 分册号: | ||
| 分册名: | 出版地: | Washington, D.C. : |
|
| 出版社: | Brookings Institution | |
| 出版时间: | c1994. | |
| 页数: | ix, 179 p. ; | |
| 开本: | 24 cm. | |
| 丛书名: | ||
| 中图分类号: | ||
| 科图分类号: | ||
| 其他分类号: | R-01 | |
| 主题词: | ||
| 电子资源: | ||
| 000 | 01212cam a2200313 a 450 | |
| 001 | E0733170934 | |
| 005 | 20070506093820.37 | |
| 008 | 940623s1994 dcu b 001 0 eng | |
| 010 | @a94003690 | |
| 020 | @a0815718527 (cl. : alk. paper) :@c$29.95. | |
| 020 | @a0815718519 (pa. : alk. paper) :@c$11.95. | |
| 035 | @A(DLC) 94003690 | |
| 040 | @aDLC@cDLC@dDLC | |
| 043 | @an-us--- | |
| 050 | 00 | @aRA395.A3@bM354 1994 |
| 082 | 00 | @a362.1/0973@2 20 |
| 090 | @aR-01 | |
| 099 | @dR-01@ex39 | |
| 245 | 00 | @aMaking health reform work :@bthe view from the states / @cJohn J. DiIulio, Jr., Richard R. Nathan, editors. |
| 260 | @aWashington, D.C. :@bBrookings Institution,@cc1994. | |
| 300 | @aix, 179 p. ;@c24 cm. | |
| 504 | @aIncludes bibliographical references (p. 157-171) and index. | |
| 650 | 0 | @aHealth care reform@zUnited States@xStates. |
| 650 | 0 | @aHealth care reform@zUnited States. |
| 700 | 1 | @aNathan, Richard P. |
| 700 | 1 | @aDiIulio, John J. |
| 906 | @a7@bcbc@corignew@d1@eocip@f19@gy-gencatlg | |
| 955 | @apc16 to sa00 06-23-94; jc09 06-24-94; jc06 06-24-94; jc03 06-28-94; aa07 06-29-94; CIP ver. pv07 09-23-94 | |
| 991 | @bc-GenColl@hRA395.A3@iM354 1994@p00011231226@tCopy 1@wBOOKS | |
| Making health reform work : : the view from the states / / John J. DiIulio, Jr., Richard R. Nathan, editors.-Washington, D.C. : : Brookings Institution, , c1994. |
| ix, 179 p. ; ; 24 cm. |
| Includes bibliographical references (p. 157-171) and index. |
| ISBN 0815718527 (cl. : alk. paper) :$29.95. |
| ● |
| 相关链接 |
|
|
|
|
正题名:Making health reform work
索取号:R-01/x39
 
预约/预借
| 序号 | 登录号 | 条形码 | 馆藏地/架位号 | 状态 | 备注 |
| 1 | 0007083 | 300070839 | 第二样本阅览室/ [索取号:R-01/x39] | 在馆 | |
| 2 | 0007084 | 300070848 | 第四借阅区/ [索取号:R-01/x39] | 在馆 | |
| 3 | 0007085 | 300070857 | 第四借阅区/ [索取号:R-01/x39] | 在馆 |